skbl

Dr Suryya Kumar Bhuyan Library Web-OPAC
ডঃ সূৰ্য্য
কুমাৰ ভূঞা পুথিভঁৰাল ৱেব-অ'পেক

All Research Scholars are advised to clear the annual library fees to continue using Library Resources, Remote Access, Plagiarism Test and Library Clearance.

Cotton University Book Fair 2026

Asamiya Geet Aru Geetikavita (Record no. 63143)

MARC details
000 -LEADER
fixed length control field 00609nam a2200217Ia 4500
001 - CONTROL NUMBER
control field 62035
008 - FIXED-LENGTH DATA ELEMENTS--GENERAL INFORMATION
fixed length control field 080101n2011 ii |||gr||||Z||||||asm
020 ## - INTERNATIONAL STANDARD BOOK NUMBER
International Standard Book Number 9788126030989
041 ## - LANGUAGE CODE
Language code of text/sound track or separate title asm
082 ## - DEWEY DECIMAL CLASSIFICATION NUMBER
Classification number 891.41209
100 ## - MAIN ENTRY--PERSONAL NAME
Personal name Hazarika, Karabi Deka,
Relator term Editor.
245 #0 - TITLE STATEMENT
Title Asamiya Geet Aru Geetikavita
Statement of responsibility, etc. Edited by Karabi Deka Hazarika
Medium Textual Documents
250 ## - EDITION STATEMENT
Edition statement ist ed.
260 ## - PUBLICATION, DISTRIBUTION, ETC.
Place of publication, distribution, etc. New Delhi
Name of publisher, distributor, etc. Sahitya Academy
Date of publication, distribution, etc. 2011
300 ## - PHYSICAL DESCRIPTION
Extent pg 210:
Dimensions 20cm.
653 ## - INDEX TERM--UNCONTROLLED
Uncontrolled term Assamese
653 ## - INDEX TERM--UNCONTROLLED
Uncontrolled term Asamiya Geet Aru Geetikavita
653 ## - INDEX TERM--UNCONTROLLED
Uncontrolled term Assamese literature
653 ## - INDEX TERM--UNCONTROLLED
Uncontrolled term Deptt-Assamese
942 ## - ADDED ENTRY ELEMENTS (KOHA)
Source of classification or shelving scheme Dewey Decimal Classification
Koha item type Books
Holdings
Withdrawn status Lost status Damaged status Not for loan Collection Home library Current library Shelving location Date acquired Coded location qualifier Cost, normal purchase price Total checkouts Full call number Barcode Date last seen Copy number Price effective from Koha item type
          Dr. Suryya Kumar Bhuyan Library Dr. Suryya Kumar Bhuyan Library   01/01/2008 00000 125.00   891.41209 Ha 336 As 6349/As 14/01/2024 1 01/01/2008 Books

Designed and Maintained by Team SKBL
©1901-2026

Powered by Koha